[Event "29th CRO-chT Junior 2020"]
[Site "Cakovec"]
[Date "2020.07.16"]
[Round "6.11"]
[White "Sagovac, Kristijan"]
[Black "Mahecic, Lovre"]
[Result "0-1"]
[WhiteElo "1839"]
[BlackElo "1949"]
[Annotator "TA"]
[PlyCount "110"]
[EventDate "2020.07.14"]
[EventType "team-tourn"]
[EventCountry "CRO"]
[SourceTitle "playchess.com"]
[Source "ChessBase"]
[SourceQuality "1"]

{[%evp 13,110,42,42,42,36,-22,34,9,39,10,41,18,45,-25,-15,-22,-21,-22,0,-3,-4,-4,-4,-31,2,-36,0,0,-20,-44,0,-18,20,-45,-39,-38,-26,-21,0,-27,9,9,14,0,8,10,44,40,42,-8,0,-13,29,-13,-12,-70,-6,-14,22,-85,0,-85,-85,-154,-154,-154,-154,-154,-154,-222,-260,-449,-444,-413,-418,-755,-722,-1022,-965,-958,-935,-935,-926,-815,-555,-464,-280,-448,-161,-815,-808,-787,-787,-732,-732,-732,-718,-702,-669]} 1. e4 e5 2. Nf3 Nc6 3. Bc4 Bc5 4. c3 Nf6 5. d3 O-O 6. b4 Bb6 7. a4 a6 8. O-O {C54: Giuoco Piano: 4 c3 Nf6, main lines with 5 d4 and 5 d3.} h6 $1 {[%mdl 4] is more profitable than 8...d6 at the moment.} 9. Be3 (9. Re1 $14) 9... Ba7 (9... d5 $11 10. exd5 Nxd5) 10. Nbd2 {White is slightly better.} d6 11. Qb3 Ne7 12. Rfe1 Ng6 {[#]} 13. b5 $146 (13. Bxa7 $14 Rxa7 14. h3) ({Predecessor:} 13. h3 Nh5 14. d4 Qf6 15. Kh2 Nhf4 16. Bf1 Ne6 17. d5 Ng5 18. c4 Nxf3+ 19. Nxf3 Bxe3 20. Qxe3 {0-1 (66) Pniaczek,M (2168)-Kralovic,A (2257) Slovakia 2019}) 13... Bxe3 $11 14. fxe3 axb5 15. axb5 Bg4 16. h3 Bxf3 17. Nxf3 Qd7 18. Kh2 Nh7 19. Rad1 Qe7 20. Rf1 Nf6 21. Rd2 Nd7 22. Rdf2 Nb6 {[#]} 23. g4 (23. Nh4 $1 $11 {[%mdl 512]} Kh7 (23... Qxh4 24. Bxf7+) 24. Nf5) 23... Nxc4 $15 24. Qxc4 Kh7 25. Kg3 f6 (25... Qd7 {is interesting.} 26. h4 f6 27. h5 Ne7 28. d4 Nc8) 26. h4 (26. Ra2 {looks sharper.} Rxa2 27. Qxa2 Qd7 28. c4 Rb8 29. h4) 26... Qf7 (26... Qd7 {with more complications.} 27. h5 Ne7 28. d4 Nc8 29. Qd5 c6) 27. Qxf7 Rxf7 28. h5 Nf8 29. g5 {next g6+ is good for White.} Re7 30. g6+ Kg8 31. c4 (31. b6 $5) 31... Ra3 32. Rd1 Re8 33. Rc2 (33. b6 $5 {[%cal Rb6c7]}) 33... Nd7 34. Kf2 ({Better is} 34. Ng1 $11) 34... Rea8 ({Black should try} 34... b6 $15) 35. Ke2 $11 Nc5 36. Ne1 (36. b6 $1 $11) 36... Kf8 (36... b6 $17) 37. Nf3 (37. b6 $1 $11 {keeps the balance.}) 37... Rb3 {White is on the road to losing.} 38. Nh2 (38. Rcd2 $142) 38... Raa3 $17 {[%cal Rc5d3]} 39. Rcd2 Na4 {[#] Threatens to win with ...Nc3+.} 40. Rf1 Nb2 {[%cal Rb2d3]} 41. Ng4 (41. Rb1 $17 Nxd3 {[%mdl 64] Discovered Attack} 42. Rxb3 Nc1+ {[%mdl 64] Double Attack, Zwischenzug} 43. Kf3 Nxb3 44. Rb2) 41... Nxd3 $19 42. Nxf6 $2 (42. b6 cxb6 43. Rg1) 42... gxf6 43. Rxf6+ Kg8 44. Rf7 (44. Kf1 $142 b6 45. Kg1) 44... Nc5 $1 {[%csl LRe3,LRe4]} 45. Rxc7 Rxe3+ 46. Kd1 Ra1+ 47. Kc2 Ra2+ 48. Kd1 Rxd2+ 49. Kxd2 {[%mdl 4096] Endgame KRN-KR} Rf3 50. b6 (50. Ke2 {was called for.} Rc3 51. b6) 50... Rf4 $2 (50... Rg3 {Hoping for ...Rg5.} 51. Rc8+ Kg7 52. Rc7+ Kf6) 51. Rh7 $2 (51. Kd1) 51... Rh4 {Black is clearly winning.} 52. Rxh6 Nxe4+ 53. Kd3 Nf6 54. g7 Kxg7 55. Rg6+ Kf7 {Accuracy: White = 42%, Black = 59%.} 0-1

[Event "29th CRO-chT Junior 2020"]
[Site "Cakovec"]
[Date "2020.07.16"]
[Round "6.12"]
[White "Novosel, Lovro"]
[Black "Martic, Filip"]
[Result "1-0"]
[WhiteElo "1719"]
[BlackElo "1656"]
[Annotator "NA RC"]
[PlyCount "101"]
[EventDate "2020.07.14"]
[EventType "team-tourn"]
[EventCountry "CRO"]
[SourceTitle "playchess.com"]
[Source "ChessBase"]
[SourceQuality "1"]
[TimeControl "5400+30"]

1. Nf3 {[%emt 0:00:30]} Nf6 {[%emt 0:00:30]} 2. g3 {[%emt 0:00:30]} g6 {[%emt 0:00:30]} 3. Bg2 {[%emt 0:00:30]} Bg7 {[%emt 0:01:30]} 4. O-O {[%emt 0:00:30]} O-O {[%emt 0:00:30]} 5. d4 {[%emt 0:01:30]} d6 {[%emt 0:02:30]} 6. c4 {[%emt 0:02:30]} Nc6 {[%emt 0:05:30]} 7. Nc3 {[%emt 0:04:30]} e5 {[%emt 0:01:30]} 8. e3 {[%emt 0:03:30]} Nd7 {[%emt 0:03:30]} 9. Rb1 {[%emt 0:01:30]} f5 {[%emt 0:02:30]} 10. b4 {[%emt 0:03:30]} a6 {[%emt 0:03:30]} 11. b5 {[%emt 0:01:30]} axb5 {[%emt 0:00:30]} 12. cxb5 {[%emt 0:00:30]} Ne7 {[%emt 0:00:30]} 13. Qb3+ {[%emt 0:00:30]} Kh8 {[%emt 0:00:30]} 14. Ng5 {[%emt 0:00:30]} Nf6 {[%emt 0:01:30]} 15. Nf7+ {[%emt 0:00:30]} Rxf7 {[%emt 0:00:30]} 16. Qxf7 {[%emt 0:00:30]} e4 {[%emt 0:05:30]} 17. Qb3 {[%emt 0:00:30]} g5 {[%emt 0:01:30]} 18. Bd2 {[%emt 0:06:30]} h5 {[%emt 0:05:30]} 19. f3 {[%emt 0:04:30]} d5 {[%emt 0:01:30]} 20. fxe4 {[%emt 0:03:30]} dxe4 {[%emt 0:00:00]} 21. Rb2 {[%emt 0:07:30]} Ng6 {[%emt 0:04:00]} 22. Bh3 {[%emt 0:04:30]} g4 {[%emt 0:03:30]} 23. Bg2 {[%emt 0:00:30]} h4 {[%emt 0:00:30]} 24. Rf2 {[%emt 0:07:30]} hxg3 {[%emt 0:01:30]} 25. hxg3 {[%emt 0:00:30]} Qd6 {[%emt 0:00:30]} 26. Ne2 {[%emt 0:00:30]} Be6 {[%emt 0:00:30]} 27. Qb4 {[%emt 0:00:30]} Qd8 {[%emt 0:01:30]} 28. Qc5 {[%emt 0:11:30]} Bf8 {[%emt 0:01:30]} 29. Qc2 {[%emt 0:00:00]} Bd6 {[%emt 0:00:30]} 30. Bf1 {[%emt 0:02:00]} Nh5 {[%emt 0:05:30]} 31. Rh2 {[%emt 0:00:30]} Qg5 {[%emt 0:00:30]} 32. Nf4 {[%emt 0:00:30]} Ngxf4 {[%emt 0:00:30]} 33. exf4 {[%emt 0:00:30]} Qg6 {[%emt 0:00:30]} 34. Bb4 {[%emt 0:00:30]} Bxb4 {[%emt 0:01:30]} 35. Rxb4 {[%emt 0:00:30]} Rxa2 {[%emt 0:00:00]} 36. Qxc7 {[%emt 0:01:30]} Rxh2 {[%emt 0:00:00]} 37. Qd8+ {[%emt 0:01:30]} Kh7 {[%emt 0:00:30]} 38. Kxh2 {[%emt 0:00:30]} Nf6 {[%emt 0:02:30]} 39. Qe7+ {[%emt 0:00:30]} Bf7 {[%emt 0:00:30]} 40. Bc4 {[%emt 0:00:30]} Kg7 {[%emt 0:00:00]} 41. Kg1 {[%emt 0:03:30]} Nh5 {[%emt 0:00:00]} 42. Kf2 {[%emt 0:01:30]} Qf6 {[%emt 0:01:30]} 43. Qxf7+ {[%emt 0:01:30]} Qxf7 {[%emt 0:00:30]} 44. Bxf7 {[%emt 0:00:30]} Kxf7 {[%emt 0:00:30]} 45. Rc4 {[%emt 0:00:30]} Ke6 {[%emt 0:00:30]} 46. Rc7 {[%emt 0:00:30]} Kd5 {[%emt 0:00:30]} 47. Rd7+ {[%emt 0:00:30]} Kc4 {[%emt 0:00:30]} 48. b6 {[%emt 0:01:30]} Kb5 {[%emt 0:00:30]} 49. Rxb7 {[%emt 0:00:30]} Kc6 {[%emt 0:00:00]} 50. Rh7 {[%emt 0:00:30]} e3+ {[%emt 0:00:00]} 51. Kxe3 {[%emt 0:00:00]} 1-0

[Event "29th CRO-chT Junior 2020"]
[Site "Cakovec"]
[Date "2020.07.16"]
[Round "6.13"]
[White "Muha, Miljenko"]
[Black "Cotic, Borna"]
[Result "1/2-1/2"]
[WhiteElo "2310"]
[BlackElo "2049"]
[Annotator "TA"]
[PlyCount "60"]
[EventDate "2020.07.14"]
[EventType "team-tourn"]
[EventCountry "CRO"]
[SourceTitle "playchess.com"]
[Source "ChessBase"]
[SourceQuality "1"]

{[%evp 18,60,1,1,14,0,14,29,27,7,7,-4,25,5,16,0,8,5,7,0,0,-13,0,-6,-4,-6,0,1,0,0,0,0,0,0,131,136,135,132,150,0,0,0,123,0,0]} 1. d4 d5 2. Nf3 Nf6 3. c4 e6 4. e3 Be7 5. b3 O-O 6. Bb2 b6 7. Bd3 Bb7 8. O-O Nbd7 9. Nbd2 c5 10. Rc1 Rc8 {E14: Queen's Indian: Classical Variation (4 e3).} 11. Qe2 Qc7 12. cxd5 Nxd5 {White has an edge.} 13. dxc5 Nxc5 {[#]} 14. Ne4 $146 ({Predecessor:} 14. Bb1 Qb8 15. Nc4 Nd7 16. Rfd1 Rfd8 17. Nfe5 N7f6 18. Ng4 Qa8 19. Rd4 b5 20. Nce5 Rxc1+ 21. Bxc1 Nxg4 22. Qxg4 {½-½ (50) Sorokin,B-Shuraev,A (2410) Vladivostok 1994}) 14... Qd8 {[#] Threatens to win with ...Nf4!} 15. Nxc5 Rxc5 16. Ne5 Rxc1 17. Rxc1 Bf6 18. Rc4 Qd6 19. f4 Ba6 20. Ra4 Bxd3 21. Qxd3 Bxe5 22. Bxe5 Qc5 23. Bd4 Qc1+ 24. Kf2 Rc8 25. Rxa7 Nxf4 (25... h5 $11 {remains equal.}) 26. exf4 $16 Qxf4+ 27. Ke2 Qg4+ 28. Kf2 {Bb2 is the strong threat.} Qf4+ {[%mdl 64] Double Attack} 29. Ke2 {aiming for h3.} Qg4+ {[%mdl 64] [#] Double Attack} 30. Kf2 (30. Ke1 $1 $16) 30... Qf4+ {[%mdl 64] Double Attack. Accuracy: White = 85%, Black = 87%.} 1/2-1/2

[Event "29th CRO-chT Junior 2020"]
[Site "Cakovec"]
[Date "2020.07.16"]
[Round "6.14"]
[White "Simunic, Krunoslav"]
[Black "Cvitan, Ena"]
[Result "0-1"]
[WhiteElo "2047"]
[BlackElo "2258"]
[Annotator "TA"]
[PlyCount "26"]
[EventDate "2020.07.14"]
[EventType "team-tourn"]
[EventCountry "CRO"]
[SourceTitle "playchess.com"]
[Source "ChessBase"]
[SourceQuality "1"]

{[%evp 10,26,4,-29,-20,-24,-10,-363,-368,-356,-347,-405,-424,-510,-514,-504,-476,-470,-419]} 1. d4 Nf6 2. Nf3 e6 3. c4 d5 4. Bg5 dxc4 5. Qa4+ Nbd7 6. Qxc4 c5 {D30: Queen's Gambit Declined: Systems without Nc3.} 7. e3 cxd4 {[#]} 8. Nxd4 $146 {[%mdl 8192]} (8. Qxd4 $11 {and White stays safe.} Bc5 9. Qd3) ({Predecessor:} 8. exd4 Be7 9. Bd3 O-O 10. Bc2 h6 11. Bh4 Qa5+ 12. Nbd2 b6 13. Bd3 Bb7 14. O-O {0-1 (26) Lauber,A (2416)-Bischoff,K (2544) Germany 2000}) 8... Qa5+ $19 {[%mdl 64] [#] Double Attack. Black is winning.} 9. Nc3 Qxg5 10. Ncb5 {And now Nc7+ would win.} Nd5 11. e4 {Black is clearly winning.} Bb4+ 12. Nc3 Bxc3+ 13. bxc3 N5b6 {White got outplayed after the opening} 0-1

[Event "29th CRO-chT Junior 2020"]
[Site "Cakovec"]
[Date "2020.07.16"]
[Round "6.15"]
[White "Ghersinich, Enrico"]
[Black "Baric, Marko"]
[Result "0-1"]
[WhiteElo "2299"]
[BlackElo "1831"]
[Annotator "TA"]
[PlyCount "196"]
[EventDate "2020.07.14"]
[EventType "team-tourn"]
[EventCountry "CRO"]
[SourceTitle "playchess.com"]
[Source "ChessBase"]
[SourceQuality "1"]

{[%evp 21,196,-93,-114,-149,-149,-159,-148,-219,-156,-159,-156,-151,-146,-159,-145,-151,-150,-142,-114,-114,-114,-130,-114,-119,-115,-118,-118,-127,-127,-201,-115,-199,-205,-191,-192,-208,-169,-137,-122,-125,-129,-141,-135,-151,-146,-168,-102,-154,-86,-95,-26,-24,0,-43,-47,-153,0,-38,20,0,24,0,0,0,-3,-6,-8,-8,-5,-12,0,0,0,0,0,0,0,0,0,0,0,0,0,0,0,0,0,0,0,0,0,0,0,0,0,0,0,0,0,0,0,0,0,0,0,-308,-299,-5919,-10830,-6418,-5650,-29938,-11585,-8108,-2098,-29964,-29965,-29958,-4735,-5915,-2398,-29970,-29970,-29978,-1398,-29976,-29972,-29971,-29971,-29971,-29969,-29981,-29982,-29983,-29984,-29984,-29984,-29984,-29985,-29984,-29985,-29985,-29985,-29989,-29988,-29994,-29995,-29995,-29990,-29994,-29995,-29997,-29991,-29991,-29992,-29996,-29997,-29997,-29997,-29997,-29987,-29988,-29989,-29991,-29984,-29981,-29982,-29991,-29990,-29991,-29992,-29993,-29994,-29994,-29995,-29997,-4718]} 1. e4 c5 2. Nf3 Nc6 3. Nc3 g6 4. d4 cxd4 5. Nxd4 Bg7 6. Be3 Nf6 7. Bc4 O-O 8. f3 Qb6 9. Qd2 Nxe4 10. fxe4 Bxd4 11. Bxd4 Qxd4 12. Qe2 {B35: Sicilian: Accelerated Dragon with 5 Nc3: main line.} d6 {[#]} 13. h4 $146 ({Predecessor:} 13. Rd1 Qb6 14. Bb3 Be6 15. h4 Bxb3 16. axb3 f5 17. h5 fxe4 18. hxg6 hxg6 19. Nxe4 Ne5 {0-1 (27) Sharmin,S (1812)-Kaya,E (1912) chess.com INT 2020}) 13... h5 14. Qd3 (14. Bb3 $17) 14... Bg4 15. Qxd4 Nxd4 16. Kd2 Nc6 17. Raf1 Rac8 18. Nd5 Be6 19. Be2 Bxd5 20. exd5 Ne5 21. Rf4 Kg7 22. c4 a6 23. a4 e6 24. dxe6 fxe6 25. Rd4 (25. Rxf8 $17 {keeps fighting.} Kxf8 26. b3) 25... Rc6 (25... Rf2 $19 26. Ke3 Rxg2 27. Rxd6 Nxc4+ 28. Bxc4 Rxc4) 26. Ke3 (26. b3 $17 {was necessary.}) 26... Rb6 $19 27. Rc1 Rb3+ ({Don't play} 27... Rxb2 28. Rxd6 Nc6 29. Bf3 $17) 28. Rc3 Rxc3+ 29. bxc3 {[%mdl 4096] Endgame KRB-KRN} Rd8 {[#]} 30. c5 $1 {[%mdl 512]} d5 (30... dxc5 31. Rxd8) 31. Rb4 Rd7 $1 32. Rb6 Kf6 33. c6 bxc6 ({Black should try} 33... Nxc6 $19 34. Bxa6 Na5) 34. Rxa6 (34. a5 $142) 34... c5 (34... Rb7 $142 35. a5 Rb3) 35. Bb5 $17 Ng4+ (35... Rb7 $17) 36. Kd2 $11 Rc7 37. c4 Ke5 38. cxd5 (38. a5 $1 $15) 38... Kxd5 $2 ({Better is} 38... exd5 $17 39. Rc6 Rf7 40. Rxc5 Kd4) 39. Kc3 {Hoping for Bc4+.} Ne5 (39... c4 $15) 40. Ra8 Nc6 41. Rg8 Ne7 42. Rd8+ Ke5 43. a5 Nd5+ 44. Kc4 Ne3+ {[%mdl 64] Double Attack} 45. Kd3 Nxg2 46. a6 Nf4+ ({But not} 46... Nxh4 $6 47. Rd7 $16) 47. Kc4 {Threatens to win with Rd7.} Nd5 48. Rb8 Kd6 49. Be8 Ra7 50. Bb5 Rc7 51. Rd8+ Ke5 52. Be8 Ne3+ 53. Kb5 Nd5 $1 54. Bxg6 c4 55. Bxh5 c3 {( -> ...c2)} 56. Bg6 c2 57. Bxc2 $1 Rxc2 {KRN-KR} 58. a7 {Rxd5+! is the strong threat.} Rb2+ (58... Ra2 $5 59. Rd7 $8 Nf6 $11) 59. Kc6 {And now Rxd5+! would win.} Rc2+ 60. Kb7 {Strongly threatening Rxd5+!} Rb2+ 61. Kc6 Rc2+ 62. Kb5 {Black must now prevent Rxd5+!} Rb2+ 63. Kc4 $2 {[%mdl 8192] Black keeps a firm grip on the game.} (63. Kc6 $11 Rc2+) 63... Ra2 $1 $19 64. h5 $2 (64. Rd7 Nb6+ 65. Kb3) 64... Rxa7 65. Rh8 Rc7+ 66. Kd3 Rc3+ 67. Ke2 Rh3 68. Kf2 Nf6 69. h6 {[#]} Ng4+ (69... Rxh6 $142 $1 {[%mdl 512]} 70. Ra8 (70. Rxh6 Ng4+) 70... Kf4 71. Ra4+ Ne4+ 72. Kg1 e5 73. Kf1 Rh2 74. Ke1 Kf5 75. Rb4 Ng5 76. Rb7 e4 77. Rb8 e3 78. Rf8+ Kg4 79. Rg8 e2 80. Kd2 Kf4 81. Rf8+ Kg3 82. Rb8 Nf3+ 83. Kd3 e1=Q 84. Rg8+ Kf2 85. Kc4 Qe5 86. Rg4 Ke3 87. Kb4 Rb2+ 88. Ka3 Qc3+ 89. Ka4 Qb3+ 90. Ka5 Qb5#) 70. Kg2 Rxh6 71. Rf8 Ne3+ 72. Kf3 Nd5 (72... Rf6+ $142 73. Rxf6 Kxf6 74. Kf4 Nd5+ 75. Ke4 e5 76. Kf3 Kf5 77. Kf2 e4 78. Ke2 e3 79. Kf3 Ke5 80. Kg3 Ke4 81. Kg2 Kf4 82. Kg1 Kg3 83. Kf1 Kf3 84. Ke1 Nc3 85. Kf1 Na4 86. Ke1 Nb2 87. Kf1 Nd3 88. Kg1 e2 89. Kh1 Kg3 90. Kg1 e1=Q#) 73. Ke2 Rh3 {Black mates.} 74. Re8 Kf5 75. Rd8 Ke4 76. Ra8 Rh2+ 77. Kf1 e5 78. Rf8 Kd4 79. Ra8 e4 80. Ra4+ Ke3 81. Ra3+ {[#]} Kf4 $1 82. Ra4 Rb2 83. Rd4 Ne3+ 84. Kg1 Nf5 85. Ra4 Kf3 86. Ra5 Nd4 87. Ra3+ e3 88. Kh1 Nf5 89. Kg1 Rc2 90. Rb3 Ke2 91. Rb5 Nd4 92. Rh5 Nf3+ 93. Kg2 Ne1+ 94. Kh1 Nd3 95. Rh2+ Kd1 96. Rh3 Nf2+ {[%mdl 64] Double Attack} 97. Kg2 Nxh3+ 98. Kh1 {[#]} Ng1 $1 {Accuracy: White = 67%, Black = 77%.} 0-1

[Event "29th CRO-chT Junior 2020"]
[Site "Cakovec"]
[Date "2020.07.16"]
[Round "6.16"]
[White "Cecic-Sule, Dino"]
[Black "Purini, Bruno"]
[Result "0-1"]
[WhiteElo "1695"]
[BlackElo "2017"]
[Annotator "TA"]
[PlyCount "100"]
[EventDate "2020.07.14"]
[EventType "team-tourn"]
[EventCountry "CRO"]
[SourceTitle "playchess.com"]
[Source "ChessBase"]
[SourceQuality "1"]

{[%evp 17,100,4,16,-13,10,10,10,10,10,13,6,6,4,-7,25,25,56,18,31,0,0,0,50,41,71,58,50,8,18,0,0,0,0,0,24,34,35,0,0,-14,-8,-13,-16,-46,-8,-7,0,0,0,0,0,-15,-14,-1016,-927,-2562,-1682,-2831,-707,-5205,-5300,-5122,-5102,-29975,-29977,-29977,-29978,-29978,-29979,-29979,-29980,-29980,-29981,-29981,-29982,-29983,-29984,-29984,-29985,-29985,-29986,-29986,-29987,-29987,-29988]} 1. d4 d5 2. Nf3 Nf6 3. Bf4 e6 4. e3 b6 5. Bd3 Bb7 6. Nbd2 Bd6 7. Ne5 O-O 8. Bg5 c5 9. c3 Be7 10. f4 {D03: 1 d4 d5 2 Nf3 Nf6 3 Bg5, including Torre Attack with early ...d5.} Nfd7 {And now ...Nxe5 would win.} 11. Bxe7 Qxe7 12. O-O {The position is equal.} Ba6 13. Bxa6 Nxa6 14. Qe2 Nc7 15. Rf3 {[#]} c4 $146 ({Predecessor:} 15... f6 16. Nxd7 Qxd7 17. Nb3 Qe7 18. e4 Qd6 19. Re1 Rae8 20. e5 fxe5 21. Qxe5 Qxe5 22. Rxe5 c4 {1-0 (57) Jrade,W (2101)-Thomi,P (1970) Switzerland 2019}) 16. e4 f6 17. Nxd7 (17. Nc6 $5 {[%cal Rc6e7]} Qd6 18. Nb4 $11) 17... Qxd7 18. Rh3 b5 19. Rf1 dxe4 20. Nxe4 g6 21. g4 Rae8 22. g5 Nd5 {aiming for ...e5.} 23. Nxf6+ Nxf6 24. gxf6 Rxf6 25. Re3 Qd6 26. Re5 a6 27. d5 Kf7 28. Kg2 Rd8 29. dxe6+ Rxe6 30. Qf3 Qc6 31. Qxc6 Rd2+ 32. Rf2 Rxf2+ 33. Kxf2 {Threatening mate with Qd7+.} Rxc6 $11 {[%mdl 4096] Endgame KR-KR} 34. h4 Rd6 35. Ke2 $2 {[%mdl 8192] [#] Loses the game.} (35. h5 $11) 35... Re6 $1 $19 {[%cal Re6e5]} 36. Kf3 Rxe5 37. fxe5 {KP-KP} Ke6 38. Ke4 h6 39. Kd4 g5 40. hxg5 hxg5 {Black mates.} 41. Ke4 a5 {[%cal Ba6a5,Ba5a4][%mdl 32]} 42. a3 a4 43. Kd4 g4 44. Ke4 g3 45. Kf3 Kxe5 46. Kxg3 Ke4 47. Kf2 {[#]} Kd3 $1 {[%cal Rd3c2]} 48. Ke1 Kc2 49. Ke2 Kxb2 50. Kd2 Kb3 {Accuracy: White = 57%, Black = 85%.} 0-1

[Event "29th CRO-chT Junior 2020"]
[Site "Cakovec"]
[Date "2020.07.16"]
[Round "6.17"]
[White "Damjanovic, Stjepan"]
[Black "Topalic, Fran"]
[Result "1-0"]
[WhiteElo "1867"]
[BlackElo "1741"]
[Annotator "NA RC"]
[PlyCount "65"]
[EventDate "2020.07.14"]
[EventType "team-tourn"]
[EventCountry "CRO"]
[SourceTitle "playchess.com"]
[Source "ChessBase"]
[SourceQuality "1"]
[TimeControl "5400+30"]

{[%evp 8,65,21,24,28,-13,23,8,10,-12,8,-12,14,-8,0,-17,14,-16,-14,-19,37,15,28,2,50,18,70,18,45,46,80,0,26,30,94,107,174,165,188,122,143,14,13,2,0,-22,0,-47,-35,-28,0,0,281,333,29991,29992,29996,29997,29997,662]} 1. e4 {[%emt 0:00:30]} c6 {[%emt 0:00:30]} 2. d4 {[%emt 0:00:00]} d5 {[%emt 0:00:00]} 3. exd5 {[%emt 0:00:00]} cxd5 {[%emt 0:00:00]} 4. Bd3 {[%emt 0:00:00]} Nc6 {[%emt 0:00:30]} 5. c3 {[%emt 0:00:00]} Nf6 {[%emt 0:00:00]} 6. Ne2 {[%emt 0:01:30]} ({White should try} 6. Bf4 $14) 6... e6 {[%emt 0:01:00] B13: Caro-Kann: Exchange Variation and Panov-Botvinnik Attack.} 7. Bf4 {[%emt 0:00:30]} Bd6 {[%emt 0:00:30]} 8. Na3 {[%emt 0:01:30]} O-O {[%emt 0:00:30]} 9. O-O {[%emt 0:00:30]} a6 {[%emt 0:00:30] [#]} 10. Rc1 $146 {[%emt 0:01:30]} ({Predecessor:} 10. Nc2 Re8 11. Ne3 Qc7 12. Bxd6 Qxd6 13. Qc2 Bd7 14. Rad1 Rac8 15. Qb1 Na5 16. Rfe1 {1-0 (45) Manco,J-Shiroma,G Peru 1997}) 10... b5 {[%emt 0:00:30]} 11. Bb1 {[%emt 0:00:30]} Na5 {[%emt 0:01:30]} 12. Qd3 {[%emt 0:02:30]} Bxf4 {[%emt 0:00:30]} 13. Nxf4 {[%emt 0:00:30]} g6 {[%emt 0:00:00]} (13... Nc4 $11) 14. Qe3 {[%emt 0:01:30]} Qd6 {[%emt 0:02:00]} 15. Nd3 {[%emt 0:01:30]} Kg7 {[%emt 0:00:30]} 16. Ne5 {[%emt 0:00:30]} Nc6 {[%emt 0:02:30]} 17. f4 {[%emt 0:00:30]} Qc7 {[%emt 0:01:30]} 18. Nc2 {[%emt 0:00:30]} a5 {[%emt 0:00:30]} 19. Qh3 {[%emt 0:01:30]} ({Better is} 19. Ne1 $16) 19... Ba6 {[%emt 0:04:30]} 20. Ne3 {[%emt 0:02:30]} h5 {[%emt 0:01:30]} (20... Ne4 $14) 21. Qg3 {[%emt 0:00:30]} Ne4 {[%emt 0:02:30]} (21... Nxe5 $16 {might work better.} 22. fxe5 Nh7) 22. Bxe4 $1 {[%emt 0:01:30]} dxe4 {[%emt 0:00:30]} 23. f5 {[%emt 0:01:30]} Nxe5 {[%emt 0:01:30]} 24. f6+ $2 {[%emt 0:00:30]} (24. dxe5 $18 b4 25. cxb4) 24... Kh7 {[%emt 0:00:00]} 25. dxe5 {[%emt 0:00:30]} Rfd8 {[%emt 0:01:00]} 26. Kh1 {[%emt 0:04:30]} Rd3 {[%emt 0:00:30]} 27. Qg5 {[%emt 0:00:30]} Qc5 {[%emt 0:01:30]} 28. Rfe1 {[%emt 0:03:30]} Rad8 {[%emt 0:02:30]} 29. g4 {[%emt 0:01:30]} Rxe3 $4 {[%emt 0:00:00]} (29... hxg4 $11 30. Qh4+ (30. Nxg4 Rh3 $17) 30... Kg8) 30. Rxe3 {[%emt 0:01:30]} ({Stronger than} 30. Qxe3 Qxe5 31. Qg3 Qxg3 $11) 30... Rd5 {[%emt 0:01:00]} (30... hxg4 $18 31. h3 g3) 31. gxh5 {[%emt 0:00:30]} Rxe5 {[%emt 0:00:00]} 32. hxg6+ {[%emt 0:00:30]} fxg6 {[%emt 0:00:00]} 33. Rh3+ {[%emt 0:00:30]} 1-0

[Event "29th CRO-chT Junior 2020"]
[Site "Cakovec"]
[Date "2020.07.16"]
[Round "6.18"]
[White "Matota, Dominik"]
[Black "Juric, Ester"]
[Result "1-0"]
[WhiteElo "1807"]
[BlackElo "1663"]
[Annotator "NA RC"]
[PlyCount "53"]
[EventDate "2020.07.14"]
[EventType "team-tourn"]
[EventCountry "CRO"]
[SourceTitle "playchess.com"]
[Source "ChessBase"]
[SourceQuality "1"]
[TimeControl "5400+30"]

{[%evp 8,46,35,20,35,0,49,10,3,32767,-7,4,0,0,94,75,106,94,176,57,156,0,158,150,447,447,427,409,389,423,415,525,503,32767,505,591,822,32767,929,491,1431]} 1. e4 {[%emt 0:00:30]} c5 {[%emt 0:00:30]} 2. Nf3 {[%emt 0:00:00]} d6 {[%emt 0:00:00]} 3. d4 {[%emt 0:00:00]} cxd4 {[%emt 0:00:00]} 4. Nxd4 {[%emt 0:00:00]} Nf6 {[%emt 0:00:30]} 5. Nc3 {[%emt 0:00:00]} a6 {[%emt 0:00:00]} 6. f3 {[%emt 0:00:00]} b5 {[%emt 0:01:00]} 7. Be3 {[%emt 0:01:00]} e6 {[%emt 0:01:30]} 8. a4 {[%emt 0:01:30] B80: Sicilian Scheveningen: 6 g3 and 6 Be3, including English Attack.} b4 $1 {[%emt 0:04:30]} 9. Na2 {[%emt 0:02:30]} e5 {[%emt 0:13:30]} 10. Nb3 $1 {[%emt 0:00:30] [#]} ({Of course not} 10. Nxb4 exd4 11. Qxd4 Nbd7 $17) 10... a5 $146 {[%emt 0:00:30]} (10... d5 $11) ({Predecessor:} 10... Nc6 11. Bc4 Qc7 12. O-O Be7 13. c3 bxc3 14. Nxc3 Nb4 15. Qe2 O-O {0-1 (33) Sarana,A (2664)-Vachier Lagrave,M (2777) Germany 2019}) 11. c3 {[%emt 0:03:30]} bxc3 {[%emt 0:05:30]} 12. Nxc3 {[%emt 0:00:00]} Ba6 {[%emt 0:08:30]} (12... Be6 $16 {keeps fighting.}) 13. Nb5 {[%emt 0:04:00]} (13. Bb5+ $16 Bxb5 14. axb5) 13... Be7 {[%emt 0:14:30]} (13... d5 $14) 14. Qd2 {[%emt 0:05:30]} (14. Rc1 $16 Bxb5 15. Bxb5+ Nbd7 16. O-O) 14... Bxb5 $2 {[%emt 0:02:30]} (14... O-O $11) 15. Bxb5+ {[%emt 0:00:30]} Nfd7 $2 {[%emt 0:01:30]} (15... Nbd7 $16 16. O-O O-O) 16. Qd5 {[%emt 0:01:30]} Na6 {[%emt 0:04:30]} 17. Bxd7+ {[%emt 0:11:30]} Kxd7 {[%emt 0:00:00]} 18. Qb5+ {[%emt 0:00:00]} Ke6 {[%emt 0:00:00]} 19. Nd4+ {[%emt 0:00:00]} Kf6 $18 {[%emt 0:00:30]} 20. f4 {[%emt 0:19:30]} g6 {[%emt 0:04:30]} 21. fxe5+ {[%emt 0:01:30]} dxe5 {[%emt 0:00:30]} 22. O-O+ {[%emt 0:00:00]} Kg7 {[%emt 0:00:30]} 23. Qxe5+ {[%emt 0:00:00]} Kg8 {[%emt 0:00:00]} (23... f6 $142 24. Ne6+ Kg8) 24. Nc6 {[%emt 0:05:30]} Bd6 {[%emt 0:01:00]} 25. Nxd8 {[%emt 0:01:30]} Bxe5 {[%emt 0:00:30]} 26. Nxf7 {[%emt 0:00:30]} Bxb2 {[%emt 0:00:00]} 27. Nh6+ {[%emt 0:00:00]} 1-0